01670nam a2200421 i 450000100060000000300080000600500170001400600190003100700150005000800410006502000270010602000180013303500230015103500240017403500250019803500210022304000310024405000250027508200190030024501400031926400470045930000580050633600310056433700330059533800430062850400290067158801280070059001640082865000290099265000200102165000340104165000210107565500270109670000270112379700190115085600620116999900170123142417FlNmELB20241216222038.0m o d | cr cnu||||||||141113s2009 sp a ob 000 0 spa d a9788415004233 (e-book) z9788492442546 a(MiAaPQ)EBC3225740 a(Au-PeEL)EBL3225740 a(CaPaEBR)ebr10957713 a(OCoLC)992020703 aFINmELBbspaerdacFINmELB 4aRC280.C6b.Q311 20090 a616.99434722303aLo que hay que saber sobre el cáncer de colon y recto :bdirigido a no especialistas /ccoordinador científico: Albert Abad Esteve. 1aBarcelona :bMarge Médica Books,c[2009] a1 recurso en línea (154 páginas) :bilustraciones atextobtxt2rdacontent/spa acomputadorabc2rdamedia/spa arecurso en líneabcr2rdacarrier/spa aContiene bibliografía. aDescripción basada en recurso en línea; Título de la página del título en PDF (e-libro, visto November 13, 2014). aRecurso electrónico. Santa Fe, Arg.: e-libro, 2015. Disponible vía World Wide Web. El acceso puede estar limitado para las bibliotecas afiliadas a e-libro. 0aColon (Anatomy)xCancer. 0aRectumxCancer. 4aColon (Anatomía)xCáncer. 4aRectoxCáncer. 4aLibros electrónicos.1 aAbad, Albert,eeditor.2 ae-libro, Corp.40uhttps://elibro.net/ereader/politecnicointernacional/59311 c42417d42417